[Event "Canadian zt (Women)"]
[Site "Toronto"]
[Date "2024.04.01"]
[Round "8"]
[White "Ambilwade, Ojal"]
[Black "Todd, Adie"]
[Result "0-1"]
[WhiteElo "1672"]
[BlackElo "1689"]
[PlyCount "128"]
[EventDate "2024.03.28"]
[EventType "team-swiss"]
[EventRounds "9"]
[EventCountry "CAN"]
[SourceTitle "CB15_2024"]
[SourceDate "2024.04.10"]
[SourceVersion "1"]
[SourceVersionDate "2024.04.10"]
[SourceQuality "1"]

1. d4 d5 2. Nf3 Nf6 3. Bf4 c5 4. e3 e6 5. Nbd2 Nc6 6. c3 Be7 7. Bd3 0-0 8. h3 a6 9. Ne5 cxd4 10. exd4 Bd7 11. Qc2 Rc8 12. Qb1 b5 13. a4 Nb8 14. a5 b4 15. c4 Bc6 16. c5 Bb7 17. Ndf3 Nc6 18. Nxc6 Rxc6 19. Ne5 Rc8 20. c6 Bxc6 21. Bxa6 Rc7 22. Nxc6 Rxc6 23. Bb5 Rc8 24. a6 Nd7 25. Qd3 Nb6 26. 0-0 Bd6 27. Bxd6 Qxd6 28. Qb3 Nc4 29. Rfd1 h6 30. a7 Nb6 31. Ba6 Rc7 32. Bd3 Ra8 33. Ra6 Rcxa7 34. Rxa7 Rxa7 35. Rc1 Ra8 36. Qc2 Kf8 37. Qc5 Rd8 38. b3 Ke7 39. Qxd6+ Kxd6 40. Rc5 Nd7 41. Rb5 Rb8 42. f4 Rxb5 43. Bxb5 Nf6 44. Kf2 Ne4+ 45. Ke3 f6 46. Bd3 Nc3 47. Bf1 e5 48. fxe5+ fxe5 49. Bd3 e4 50. Bc2 Ke6 51. g4 Kf6 52. h4 h5 53. gxh5 Kf5 54. Kf2 Kg4 55. Kg2 Kxh4 56. Kh2 Kxh5 57. Kg3 Kg5 58. Kg2 Kg4 59. Kf1 Kf3 60. Ke1 g5 61. Kf1 g4 62. Ke1 g3 63. Kf1 g2+ 64. Kg1 Ne2+ 0-1

[Event "Canadian zt (Women)"]
[Site "Toronto"]
[Date "2024.03.31"]
[Round "6"]
[White "Roshini, P."]
[Black "Todd, Adie"]
[Result "1-0"]
[WhiteElo "1761"]
[BlackElo "1689"]
[PlyCount "77"]
[EventDate "2024.03.28"]
[EventType "team-swiss"]
[EventRounds "9"]
[EventCountry "CAN"]
[SourceTitle "CB15_2024"]
[SourceDate "2024.04.10"]
[SourceVersion "1"]
[SourceVersionDate "2024.04.10"]
[SourceQuality "1"]

1. e4 c5 2. Nf3 Nc6 3. d4 cxd4 4. Nxd4 g6 5. c4 Bg7 6. Nc2 Nf6 7. Nc3 0-0 8. Be2 d6 9. 0-0 a5 10. Be3 a4 11. Qd2 Be6 12. f3 Na5 13. Nd5 Bxd5 14. cxd5 Nd7 15. Na3 b6 16. Rac1 Nb7 17. Qb4 Nbc5 18. Bb5 Ne5 19. Qd2 Qb8 20. Nc2 Rc8 21. Nd4 h5 22. Rc2 Qa7 23. Rfc1 Qa5 24. Qe2 Qa7 25. h3 Kf8 26. b4 axb3 27. axb3 Rd8 28. b4 Na6 29. f4 Nxb4 30. Rc7 Qa3 31. fxe5 Bxe5 32. Nc2 Qb2 33. Nxb4 Qxb4 34. Bh6+ Kg8 35. Rxe7 Qb3 36. Qf3 Bd4+ 37. Kh1 Qxb5 38. Qxf7+ Kh8 39. Qh7# 1-0

[Event "Canadian op"]
[Site "Calgary"]
[Date "2023.07.28"]
[Round "8"]
[White "Usselman, Paul"]
[Black "Todd, Adie"]
[Result "1-0"]
[WhiteElo "1732"]
[BlackElo "1494"]
[PlyCount "61"]
[EventDate "2023.07.22"]
[EventType "swiss"]
[EventRounds "10"]
[EventCountry "CAN"]
[SourceTitle "EXT 2024"]
[Source "ChessBase"]
[SourceDate "2023.10.10"]
[SourceVersion "1"]
[SourceVersionDate "2023.10.10"]
[SourceQuality "1"]

1. Nf3 d5 2. g3 Nf6 3. Bg2 g6 4. c4 d4 5. b4 Bg7 6. Bb2 d3 7. 0-0 dxe2 8. Qxe2 0-0 9. d4 c6 10. Rd1 Bg4 11. h3 Bf5 12. Nc3 a5 13. b5 a4 14. a3 Qc7 15. Rac1 Re8 16. Nh4 Bd7 17. Nf3 cxb5 18. cxb5 Qb6 19. Ne5 Bf5 20. g4 Bd7 21. Qc4 Be6 22. d5 Rc8 23. dxe6 Rxc4 24. exf7+ Kf8 25. Nxc4 Qc7 26. g5 Nfd7 27. Nd5 Qd8 28. Bxg7+ Kxg7 29. Ncb6 Ra5 30. Nxd7 Rxb5 31. f8Q+ 1-0

[Event "Canadian op"]
[Site "Calgary"]
[Date "2023.07.22"]
[Round "1"]
[White "Todd, Adie"]
[Black "Zhong, Ryan Yunhui"]
[Result "1/2-1/2"]
[WhiteElo "1494"]
[BlackElo "1674"]
[PlyCount "66"]
[EventDate "2023.07.22"]
[EventType "swiss"]
[EventRounds "10"]
[EventCountry "CAN"]
[SourceTitle "EXT 2024"]
[Source "ChessBase"]
[SourceDate "2023.10.10"]
[SourceVersion "1"]
[SourceVersionDate "2023.10.10"]
[SourceQuality "1"]

1. d4 d5 2. c4 dxc4 3. e3 e6 4. Bxc4 a6 5. Nf3 b5 6. Be2 Bb7 7. 0-0 Nd7 8. a4 b4 9. a5 c5 10. Nbd2 Ngf6 11. Nc4 Qc7 12. Bd2 Rc8 13. b3 Ng4 14. g3 h5 15. dxc5 Bxc5 16. h4 Nde5 17. Nfxe5 Nxe5 18. Nxe5 Qxe5 19. Bf3 Bxf3 20. Qxf3 0-0 21. Rfd1 Rfd8 22. Rac1 Qd5 23. Qxd5 Rxd5 24. Be1 Rcd8 25. Rxd5 Rxd5 26. e4 Re5 27. Rc4 f5 28. Bxb4 Bxb4 29. Rxb4 Rxa5 30. exf5 Rxf5 31. Kg2 Kf7 32. Rb6 Rb5 33. Rxa6 Rxb3 1/2-1/2

[Event "Canadian op 48th U2000"]
[Site "Toronto"]
[Date "2011.07.16"]
[Round "8"]
[White "Dattani, Dinesh"]
[Black "Todd, Adie"]
[Result "1/2-1/2"]
[WhiteElo "1379"]
[BlackElo "1665"]
[PlyCount "57"]
[EventDate "2011.07.09"]
[EventType "swiss"]
[EventRounds "9"]
[EventCountry "CAN"]
[SourceTitle "EXT 2022"]
[Source "ChessBase"]
[SourceDate "2021.10.06"]
[SourceVersion "1"]
[SourceVersionDate "2021.10.06"]
[SourceQuality "1"]

1. e4 c5 2. Nf3 d6 3. d4 cxd4 4. Nxd4 Nf6 5. Nc3 g6 6. Be2 Bg7 7. Be3 0-0 8. Qd2 Nc6 9. Nb3 Be6 10. f3 Ne5 11. 0-0-0 Rc8 12. Nd5 Bxd5 13. exd5 Qc7 14. c3 Nc4 15. Bxc4 Qxc4 16. Qd3 Qc7 17. Kb1 Nd7 18. Bd4 Nf6 19. Be3 a5 20. a4 Ra8 21. Qb5 Qd7 22. c4 Qxb5 23. cxb5 Nd7 24. Rc1 b6 25. Rc7 Rfd8 26. Rhc1 Bf6 27. Rb7 Rab8 28. Rcc7 Nc5 29. Rxb8 1/2-1/2

[Event "Edmonton Schleinich Memorial"]
[Site "Edmonton"]
[Date "2010.01.10"]
[Round "4"]
[White "Kuczaj, Chris"]
[Black "Todd, Adie"]
[Result "0-1"]
[WhiteElo "1785"]
[BlackElo "1596"]
[PlyCount "44"]
[EventDate "2010.01.08"]
[EventType "swiss"]
[EventRounds "5"]
[EventCountry "CAN"]
[SourceTitle "EXT 2011"]
[Source "ChessBase"]
[SourceDate "2010.11.26"]
[SourceVersion "1"]
[SourceVersionDate "2010.11.26"]
[SourceQuality "1"]

1. c4 e5 2. Nc3 Nf6 3. Nf3 Nc6 4. e3 d5 5. cxd5 Nxd5 6. Bb5 Nxc3 7. bxc3 Bd6 8. d4 Qe7 9. d5 a6 10. Qa4 Rb8 11. dxc6 axb5 12. Qxb5 0-0 13. cxb7 Rxb7 14. Qe2 Bg4 15. e4 f5 16. exf5 e4 17. Qc4+ Kh8 18. Nd4 Bc5 19. Ne6 Bxf2+ 20. Kxf2 Rxf5+ 21. Ke1 Qf7 22. Qxc7 Rxc7 0-1